01101 a2200169 45000010006000000050017000060080041000230030015000640400040000790800076001192450100001952640032002953000019003275050541003460410008008871000036008953903220260407155649.0260407a1981 arg spa dAR-UNSa-BCEJYS aAR-UNSa-BCEJYSbspacAR-UNSa-BCEJYS a657.23xCompensaciones. Correcciones. Ajustes (devaluación monetaria)10aLa determinación de los resultados de las operaciones financieras en contextos inflacionarios 1aBuenos Aires :bTesisc1981 a146 p.c23 cm. a1. Origen y composición del resultado financiero - 2. Pautas para la contabilización de los resultados financieros - 3. Normas para el ajuste por inflación de los resultados financieros - 4. Métodos para la comprobación del resultado por exposición - 5. Los métodos de comprobación independiente, la metodología del ajuste integral y la información sobre los resultados financieros. La exposición de los resultados financieros - 6. Ejercicios de aplicación - 7. El resultado financiero y el costo de los activos. aspa1 aValle, Juan José Fermín del